[Event "CAN-ch op"]
[Site "Sackville"]
[Date "2001.07.14"]
[Round "9"]
[White "Smith, Andrew I"]
[Black "Smith, Jody"]
[Result "1-0"]
[WhiteElo "1922"]
[BlackElo "1740"]
[PlyCount "53"]
[EventDate "2001.07.??"]
[EventType "swiss"]
[EventRounds "10"]
[EventCountry "CAN"]
[SourceTitle "EXT 2006"]
[Source "ChessBase"]
[SourceDate "2005.11.24"]
[SourceVersion "1"]
[SourceVersionDate "2005.11.24"]
[SourceQuality "1"]

1. e4 c5 2. Nc3 Nc6 3. g3 Nf6 4. Bg2 e5 5. d3 Be7 6. f4 d6 7. h3 0-0 8. Nge2 Nh5 9. f5 Nd4 10. 0-0 Nxe2+ 11. Nxe2 Qb6 12. Kh2 d5 13. exd5 Bd6 14. Be4 Bd7 15. c4 Nf6 16. Nc3 Be7 17. Qe2 Qd8 18. Bg2 Rb8 19. Qxe5 Re8 20. d6 Bf8 21. Qxc5 b6 22. Qc7 Bxf5 23. Rxf5 Bxd6 24. Qxd8 Rbxd8 25. Ne4 Be5 26. Nxf6+ Bxf6 27. Be4 1-0